000 00594nam a22002053a 4500
005 20241113063721.0
008 010528s1998 mx fr 000 0 spa d
020 _a8481960969
035 _aUPN01000106887
049 _aCG
050 4 _aHV5050
_bV4.2
100 1 _aVega Fuente, Amando
_932086
245 1 0 _aCómo educar sobre el alchhol en las escuelas /
_cAmando Vega Fuente.
260 _aSalamanca, Esp. :
_bAmarú,
_c1998.
300 _a197 p.
440 0 _aCiencias de la educación;
_v47
650 4 _aAlcoholismo
_92121
650 4 _aEducación para la salud
_95249
905 _aLibro
999 _c80799
_d80799